00998nam a22002777a 450000500170000000800410001701000100005801100100006803500100007808200210008810000340010924500400014326000350018330000180021850000650023659000410030159000410034259000410038359000420042465000330046690100070049994900680050694900680057494900610064299900170070320220329141122.0971010s1982 r 00010 d a62880 a63852 a68394 a621.81bF3y 196500aFaires, Virgil Moring.939343 aDiseño de elementos de máquinas aMéxico, D.F. :bUTEHA,c1982 a802 p.b: il. aTrad. de: Design of machine elements, 4 ed. inglés de 1965 aBATCH-UPDb10c20130110lUCH01h2112 aBATCH-UPDb10c20130410lUCH01h1423 aBATCH-UPDb10c20130914lUCH01h1639 aCONVERSIONb10c20130109lUCH01h133414aMaquinariaxDiseño.971143 aBK a621.81 F3y 1965bMAcLIBROd-43957eLIBROfc.2h12450i68394si a621.81 F3y 1965bMAcLIBROd-43958eLIBROfc.3h12451i68394si a621.81 F3y 1965bMAcLIBROd-513eLIBROh12449i68394si c62880d62880